Загрузка...

Heat treatment of metals: lectures delivered at the institution of metal allurgists refresher course, 1962

Библиографические подробности
Соавтор: Institution of Metallurgists
Формат: Printed Book
Язык:English
Опубликовано: Massachusetts Addison-Wesley c1963
Предметы:
LEADER 00607nam a22001577a 4500
005 20200810153129.0
008 100304t xxu||||| |||| 00| 0 eng d
082 |a 671.3/6  |b INS 
110 |a Institution of Metallurgists  |9 5404 
245 |a Heat treatment of metals:  |b lectures delivered at the institution of metal allurgists refresher course, 1962 
300 |a vii,155p. 
653 |a Metals-Heat treatment 
942 |c BK  |6 _ 
260 |a Massachusetts  |b Addison-Wesley  |c c1963 
999 |c 213205  |d 213205 
952 |0 0  |1 0  |2 ddc  |4 0  |6 67136_INS  |7 0  |9 271770  |a PHY  |b PHY  |d 2010-03-04  |o 671.3/6 INS  |p PHY004300  |r 2010-03-04  |w 2010-03-04  |y BK